Statistics for Достопримечательности Москвы

Click here to take the quiz!

General Stats

  • This quiz has been taken 251 times
  • The average score is 11 of 16

Answer Stats

Answer% Correct
Кремль
94%
Москва-Сити
94%
Московский государственный университет
88%
Останкинская телебашня
84%
Большой театр
74%
Московский зоопарк
73%
Арбат
69%
ВДНХ
66%
Собор Василия Блаженного
63%
Государственный универсальный магазин
63%
Спасская башня
60%
Зарядье
57%
Храм Христа Спасителя
47%
Триумфальная арка
45%
Третьяковская галерея
44%
Царицыно
32%

Score Distribution

Percentile by Number Answered

Percent of People with Each Score

Your Score History

You have not taken this quiz